[Event "IND-chT 37th"]
[Site "Bhopal"]
[Date "2017.02.05"]
[Round "5.4"]
[White "Jayakumar, P."]
[Black "Niklesh, Kumar Jain"]
[Result "1/2-1/2"]
[WhiteElo "2006"]
[BlackElo "1837"]
[PlyCount "77"]
[EventDate "2017.02.02"]
[EventType "team-swiss"]
[EventRounds "9"]
[EventCountry "IND"]
[SourceTitle "CBM 176 Extra"]
[Source "ChessBase"]
[SourceDate "2017.03.02"]
[SourceVersion "1"]
[SourceVersionDate "2017.03.02"]
[SourceQuality "1"]
[WhiteTeam "Bharat Sanchar Nigam"]
[BlackTeam "MP TEAM II"]
[WhiteTeamCountry "IND"]
[BlackTeamCountry "IND"]

1. e4 c5 2. d4 cxd4 3. Nf3 Nc6 4. c3 d3 5. Bxd3 g6 6. 0-0 Bg7 7. c4 d6 8. h3 Nf6 9. Nc3 0-0 10. Qe2 a5 11. Bg5 Nd7 12. Rac1 Nc5 13. Rfd1 Be6 14. Bb1 f6 15. Be3 Qe8 16. Nd5 Qf7 17. Rd2 Kh8 18. Nd4 Nxd4 19. Bxd4 Bh6 20. Be3 Bxe3 21. Qxe3 Rg8 22. f4 g5 23. f5 Bxd5 24. exd5 g4 25. Re1 Rae8 26. Rd4 gxh3 27. Qxh3 Qg7 28. Re2 Qf7 29. Qe3 Rg7 30. Qh3 Rg5 31. Qe3 Rg7 32. Qh6 Rg5 33. Qh3 Kg8 34. Qe3 Kf8 35. b3 Qg7 36. Be4 Rg3 37. Bf3 Rg5 38. Be4 Rg3 39. Bf3 1/2-1/2

[Event "IND-chT 37th"]
[Site "Bhopal"]
[Date "2017.02.03"]
[Round "3.4"]
[White "Jayakumar, P."]
[Black "Laxman, Rajaram"]
[Result "0-1"]
[WhiteElo "2006"]
[BlackElo "2409"]
[PlyCount "90"]
[EventDate "2017.02.02"]
[EventType "team-swiss"]
[EventRounds "9"]
[EventCountry "IND"]
[SourceTitle "CBM 176 Extra"]
[Source "ChessBase"]
[SourceDate "2017.03.02"]
[SourceVersion "1"]
[SourceVersionDate "2017.03.02"]
[SourceQuality "1"]
[WhiteTeam "Bharat Sanchar Nigam"]
[BlackTeam "Indian Railways II"]
[WhiteTeamCountry "IND"]
[BlackTeamCountry "IND"]

1. e4 e5 2. Nf3 Nc6 3. Nc3 Nf6 4. Bb5 Bd6 5. d4 exd4 6. Nxd4 0-0 7. 0-0 Re8 8. Nf5 Be5 9. Bg5 Bxc3 10. bxc3 d6 11. Bxc6 bxc6 12. Qf3 Bxf5 13. Qxf5 Qd7 14. Bxf6 Qxf5 15. exf5 gxf6 16. Rfe1 Rxe1+ 17. Rxe1 Rb8 18. g4 Kf8 19. Re4 Rb5 20. Ra4 a5 21. Kg2 Rc5 22. c4 h5 23. f3 Kg7 24. Kg3 Re5 25. Kf2 hxg4 26. fxg4 Re4 27. Kf3 d5 28. h4 c5 29. Kg3 c6 30. Kf3 Kf8 31. Kg3 Re3+ 32. Kf4 Rc3 33. cxd5 cxd5 34. Rxa5 Rc4+ 35. Kg3 Rxc2 36. g5 fxg5 37. hxg5 d4 38. Kf4 d3 39. Ra7 c4 40. Ke5 Re2+ 41. Kf6 Ke8 42. g6 fxg6 43. fxg6 d2 44. g7 Rg2 45. Ke6 d1Q 0-1